Adolescencia : una ocasión para el psicoanálisis.

Bibliographic Details
Main Author: Hartmann, Alicia
Other Authors: Tara Quaglia, Cristina, Kuffer, Jimmy
Format: Libro
Language:English
Published: Buenos Aires Miño y Dávila 2000
Edition:1a.ed.
Subjects:

MARC

LEADER 00000cam a2200000 a 4500
001 001289
003 UAHC_CL
005 20170803115726.0
008 020703b xx j 000 1 eng
020 |z 8595294117 
040 |a UAHC_CL  |c UAHC_CL  |d UAHC_CL 
100 1 |a Hartmann, Alicia 
245 1 0 |a Adolescencia : una ocasión para el psicoanálisis. 
250 |a 1a.ed. 
260 |b Miño y Dávila  |c 2000  |a Buenos Aires 
300 |a 212 p. 
650 4 |a PSICOANALISIS 
650 4 |a PSICOLOGIA DEL ADOLESCENTE 
700 1 |a Tara Quaglia, Cristina 
700 1 |a Kuffer, Jimmy 
900 |a 150.195 HAR 
942 |c BK 
952 |0 0  |1 0  |4 0  |6 150_195000000000000_HAR  |7 0  |8 General  |9 2876  |a BC  |b BC  |c General  |d 2017-08-03  |l 0  |o 150.195 HAR  |p 1326296  |r 2026-01-07 00:00:00  |t 1  |w 2017-08-03  |y BK 
999 |c 1289  |d 1289